Cargando...

Jane Eyre

Detalles Bibliográficos
Autor principal: Charlotte Brontë
Otros Autores: Edited by Margaret Smith and with introduction and notes by Sally Shuttleworth
Formato: Printed Book
Publicado: U K Oxford 2008
Colección:Oxford world's classic series
Materias:
LEADER 00557nam a22001697a 4500
020 |a 978-0-19-953559-0  
082 |a 823BRO/J 
100 |a Charlotte Brontë 
245 |a Jane Eyre 
260 |a U K  |b Oxford  |c 2008 
300 |a 488 
490 |a Oxford world's classic series 
650 |a English Literature, Novel 
700 |a Edited by Margaret Smith and with introduction and notes by Sally Shuttleworth 
942 |c BK 
999 |c 135143  |d 135139 
952 |0 0  |1 0  |4 0  |6 823BRO_J  |7 0  |9 134049  |a SCP  |b SCP  |d 2014-04-28  |g 0.00  |l 0  |o 823BRO/J  |p SCP06113  |r 2014-04-28  |w 2014-04-28  |y BK